LDR 01336naa#a2200241#i#450# 001 RU\\bibl\126668 005 20260701065948.3 011 ## _a2074-9414 100 ## _a20260630b2026####ek#y0rusy0150####ca 102 ## _aRU 200 1# _aК вопросу о пероральной доставке биологически активных белковых молекул: проблемы и перспективы _eЖурнальная статья 210 1# _aКемерово _cКемеровский государственный университет _d2026 215 ## _a20 с. 608 ## _aЖурнальная статья _2local 675 ## _aХимическая технология. Химическая промышленность. Пищевая промышленность. Металлургия. Родственные отрасли. 66 _z 700 #1 _aМерзлякова _gНаталия Вадимовна 700 #1 _aТихонов _gСергей Леонидович 700 #1 _aТихонова _gНаталья Валерьевна 700 #1 _aТимофеева _gМария Сергеевна 700 #1 _aСемин _gАлександр Николаевич 700 #1 _aКурдюмов _gАлександр Васильевич 700 #1 _aЛылов _gАнтон Сергеевич 856 4# _ajcenter.kemsu.ru _u